Handbook of Port and Harbor Engineering (Record no. 27370)

000 -LEADER
fixed length control field 02178nam a22005295i 4500
001 - CONTROL NUMBER
control field 978-1-4757-0863-9
003 - CONTROL NUMBER IDENTIFIER
control field DE-He213
005 - DATE AND TIME OF LATEST TRANSACTION
control field 20240716151512.0
006 - FIXED-LENGTH DATA ELEMENTS--ADDITIONAL MATERIAL CHARACTERISTICS
fixed length control field a|||||o|||| 00| 0
007 - PHYSICAL DESCRIPTION FIXED FIELD--GENERAL INFORMATION
fixed length control field cr nn 008mamaa
008 - FIXED-LENGTH DATA ELEMENTS--GENERAL INFORMATION
fixed length control field 131223s1997 xxu| s |||| 0|eng d
020 ## - INTERNATIONAL STANDARD BOOK NUMBER
International Standard Book Number 9781475708639
024 7# - OTHER STANDARD IDENTIFIER
Standard number or code 10.1007/978-1-4757-0863-9
Source of number or code doi
040 ## - CATALOGING SOURCE
Transcribing agency imu-kc
050 #4 - LIBRARY OF CONGRESS CALL NUMBER
Classification number GC1-1581
072 #7 - SUBJECT CATEGORY CODE
Subject category code RBKC
Source bicssc
Subject category code SCI052000
Source bisacsh
Subject category code RBKC
Source thema
082 04 - DEWEY DECIMAL CLASSIFICATION NUMBER
Classification number 551.46
Edition number 23
100 1# - MAIN ENTRY--PERSONAL NAME
Personal name Tsinker, Gregory.
Relator term author.
Relationship aut
-- http://id.loc.gov/vocabulary/relators/aut
245 10 - TITLE STATEMENT
Title Handbook of Port and Harbor Engineering
Medium [electronic resource] :
Remainder of title Geotechnical and Structural Aspects /
Statement of responsibility, etc. by Gregory Tsinker.
250 ## - EDITION STATEMENT
Edition statement 1st ed. 1997.
264 #1 - PRODUCTION, PUBLICATION, DISTRIBUTION, MANUFACTURE, AND COPYRIGHT NOTICE
Place of production, publication, distribution, manufacture New York, NY :
Name of producer, publisher, distributor, manufacturer Springer US :
-- Imprint: Springer,
Date of production, publication, distribution, manufacture, or copyright notice 1997.
300 ## - PHYSICAL DESCRIPTION
Extent XXXVII, 1054 p.
Other physical details online resource.
336 ## - CONTENT TYPE
Content type term text
Content type code txt
Source rdacontent
337 ## - MEDIA TYPE
Media type term computer
Media type code c
Source rdamedia
338 ## - CARRIER TYPE
Carrier type term online resource
Carrier type code cr
Source rdacarrier
347 ## - DIGITAL FILE CHARACTERISTICS
File type text file
Encoding format PDF
Source rda
520 ## - SUMMARY, ETC.
Summary, etc. This indispensable handbook provides state-of-the-art information and common sense guidelines, covering the design, construction, modernization of port and harbor related marine structures. The design procedures and guidelines address the complex problems and illustrate factors that should be considered and included in appropriate design scenarios.
650 #0 - SUBJECT ADDED ENTRY--TOPICAL TERM
Topical term or geographic name entry element Oceanography.
Topical term or geographic name entry element Geotechnical engineering.
Topical term or geographic name entry element Civil engineering.
Topical term or geographic name entry element Offshore structures.
Topical term or geographic name entry element Ocean Sciences.
Topical term or geographic name entry element Geotechnical Engineering and Applied Earth Sciences.
Topical term or geographic name entry element Civil Engineering.
Topical term or geographic name entry element Offshore Engineering.
710 2# - ADDED ENTRY--CORPORATE NAME
Corporate name or jurisdiction name as entry element SpringerLink (Online service)
773 0# - HOST ITEM ENTRY
Title Springer Nature eBook
776 08 - ADDITIONAL PHYSICAL FORM ENTRY
Relationship information Printed edition:
International Standard Book Number 9781475708653
Relationship information Printed edition:
International Standard Book Number 9781475708646
Relationship information Printed edition:
International Standard Book Number 9780412087011
856 40 - ELECTRONIC LOCATION AND ACCESS
Uniform Resource Identifier <a href="https://doi.org/10.1007/978-1-4757-0863-9">https://doi.org/10.1007/978-1-4757-0863-9</a>
942 ## - ADDED ENTRY ELEMENTS (KOHA)
Source of classification or shelving scheme
Koha item type E-Book

No items available.

Designed and Maintained by IMU-KC Library, Kolkata Campus © Copyright All Rights Reserved

webs counters

Powered by Koha